Obcokrajowcy w Ekstraklasie - wskaż klub - zawodnicy z 1 meczem - Statystyki

Ogólne statystyki
  • Ten quiz został rozwiązany 13 razy
  • Średni wynik to 6 z 20
Statystyki odpowiedzi
Zagadnienie Odpowiedź % Poprawnych
Jasurbek Yaxshiboyev (Uzbekistan, 2021) Legia Warszawa
62%
Emmanuel Agbor (Kamerun, 2023) Miedź Legnica
62%
Karsten Ayong (Czechy, 2018) Piast Gliwice
54%
Nika Kwantaliani (Gruzja, 2018) Bruk-Bet Termalica Nieciecza
46%
Ołeh Horin (Ukraina, 2019) Jagiellonia Białystok
46%
Henrique Miranda (Brazylia, 2014) Lechia Gdańsk
38%
Vladimír Cifranič (Słowacja, 2004) Odra Wodzisław Śląski
38%
Harmeet Singh (Norwegia, 2017) Wisła Płock
38%
Deimantas Petravičius (Litwa, 2016) Zagłębie Lubin
38%
Álvaro Rey Vázquez (Hiszpania, 2017) Arka Gdynia
31%
Eddie Stanford (Anglia, 2004) Legia Warszawa
31%
Vasilije Prodanović (Serbia, 2009) Polonia Bytom
23%
Rowland Eresaba (Nigeria, 2000) Legia Warszawa
15%
Leo Kurauzvione (Zimbabwe, 2004) Legia Warszawa
15%
Mike Apple (USA, 1999) Petro Płock
15%
Stefan Jansson (Szwecja, 1992) Pogoń Szczecin
15%
Afrim Kuci (Albania, 1994) Siarka Tarnobrzeg
15%
Željko Mrvaljević (Czarnogóra, 2002) Widzew Łódź
15%
Noel Sikhosana (Zambia, 1991) Wisła Kraków
15%
Gustavo Adolfo Lamos Cárdenas (Kolumbia, 2009) Jagiellonia Białystok
8%
Nie znaleziono quizów pasujących do podanych kryteriów
Rozkład punktacji
Procent ludzi z każdym wynikiem
Percentyl według liczby udzielonych odpowiedzi
Twoja historia wyników
Nie rozwiązałeś tego quizu